| 000 | 00991nam a22002057a 4500 | ||
|---|---|---|---|
| 999 |
_c57734 _d57734 |
||
| 003 | Ge_BSU | ||
| 005 | 20201021114936.0 | ||
| 008 | 201021s2015 ge ||||| |||| 00| 0 geo d | ||
| 020 | _a9789941936272 | ||
| 041 | _ageo | ||
| 080 | _a343.1(479.22) ლ-81 | ||
| 100 |
_a ლომსაძე, მ _99623 |
||
| 245 |
_aსისხლის სამართლის პროცესი : _bთანდართული ტესტების ნიმუშებით / _cმ. ლომსაძე ; [რედ. ბადრი ბიწაძე]. |
||
| 250 | _aმეხუთე გადამუშავებული და შევსებული გამოცემა. | ||
| 264 |
_aთბილისი : _bბონა კაუზა, _c2015. |
||
| 300 |
_a467 გვ. _b20 სმ. |
||
| 490 | _aიურისტის ბიბლიოთეკა | ||
| 700 |
_aბიწაძე, ბადრი _eრედაქტორი _98146 |
||
| 942 |
_2udc _cBK |
||